Future - Top 25 najczęściej odtwarzanych piosenek - Statystyki

Ogólne statystyki
  • Ten quiz został rozwiązany 30 razy
    4 od ostatniego zresetowania
  • Średni wynik to 16 z 25
Statystyki odpowiedzi
Hint Odpowiedź % Poprawnych
High Off Life Life Is Good
100%
WE DON'T TRUST YOU Like That
100%
56 Nights March Madness
100%
FUTURE Mask Off
100%
WE DON'T TRUST YOU Type Shit
100%
I NEVER LIKED YOU WAIT FOR U
100%
WE DON'T TRUST YOU Cinderella
75%
Monster Codeine Crazy
75%
WRLD ON DRUGS Fine China
75%
What A Time To Be Alive Jumpman
75%
EVOL Low Life
75%
HNDRXX Solo
75%
WE STILL DON'T TRUST YOU We Still Don't Trust You
75%
DS2 Where Ya At
75%
Pluto x Baby Pluto Drankin N Smokin
50%
DS2 Fuck Up Some Commas
50%
I NEVER LIKED YOU PUFFIN ON ZOOTIEZ
50%
DS2 The Percocet & Stripper Joint
50%
High Off Life Too Comfortable
50%
EVOL Wicked
50%
What A Time To Be Alive Big Rings
25%
HNDRXX Comin Out Strong
25%
HNDRXX Selfish
25%
FUTURE Used to This
25%
WRLD ON DRUGS Hard Work Pays Off
0%
Nie znaleziono quizów pasujących do podanych kryteriów
Rozkład punktacji
Procent ludzi z każdym wynikiem
Percentyl według liczby udzielonych odpowiedzi
Twoja historia wyników
Nie rozwiązałeś tego quizu od ostatniego zresetowania